[Event "Brasschaat op 12th"]
[Site "Brasschaat"]
[Date "2012.08.19"]
[Round "2"]
[White "Zegstroo, Martin"]
[Black "Gergacz, Attila"]
[Result "0-1"]
[WhiteElo "1865"]
[BlackElo "2391"]
[PlyCount "66"]
[EventDate "2012.08.18"]
[EventType "swiss"]
[EventRounds "9"]
[EventCountry "BEL"]
[SourceTitle "EXT 2017"]
[Source "ChessBase"]
[SourceDate "2016.10.25"]
[SourceVersion "1"]
[SourceVersionDate "2016.10.25"]
[SourceQuality "1"]

1. e4 e6 2. d4 d5 3. e5 c5 4. c3 Nc6 5. Nf3 Qb6 6. a3 c4 7. g3 Bd7 8. Bg2 Na5 9. Nbd2 h6 10. 0-0 0-0-0 11. Re1 g5 12. Nf1 g4 13. N3d2 h5 14. f4 f6 15. Ne3 fxe5 16. fxe5 Ne7 17. Rf1 Bh6 18. Qe2 Be8 19. Rf2 Bg6 20. Qe1 Rdf8 21. Nef1 Rxf2 22. Qxf2 Rf8 23. Qe1 Nf5 24. Qd1 Nxd4 25. cxd4 Qxd4+ 26. Kh1 Nb3 27. Nxb3 Qxd1 28. Bxh6 Rxf1+ 29. Bxf1 Be4+ 30. Kg1 Qxb3 31. Re1 Qf3 32. Re3 Qh1+ 33. Kf2 d4 0-1

[Event "Maastricht Limburg op-B 6th"]
[Site "Maastricht"]
[Date "2012.05.27"]
[Round "5"]
[White "Esser, Thomas"]
[Black "Zegstroo, Martin"]
[Result "1-0"]
[WhiteElo "1985"]
[BlackElo "1891"]
[PlyCount "75"]
[EventDate "2012.05.25"]
[EventType "swiss"]
[EventRounds "7"]
[EventCountry "NED"]
[SourceTitle "EXT 2013"]
[Source "ChessBase"]
[SourceDate "2012.11.22"]
[SourceVersion "1"]
[SourceVersionDate "2012.11.22"]
[SourceQuality "1"]

1. e4 e5 2. Nf3 Nc6 3. Bc4 Nf6 4. Ng5 d5 5. exd5 Na5 6. d3 Nxc4 7. dxc4 Bc5 8. Nc3 Bf5 9. 0-0 h6 10. Nf3 e4 11. Nd2 0-0 12. Nb3 Bd6 13. f3 exf3 14. Qxf3 Bxh2+ 15. Kxh2 Ng4+ 16. Kg1 Qd6 17. Qf4 g6 18. Qxd6 cxd6 19. Nd4 Bd7 20. Ncb5 Bxb5 21. Nxb5 Rfd8 22. Bd2 a6 23. Nd4 Rac8 24. b3 b5 25. cxb5 axb5 26. Nc6 Re8 27. Rfe1 Kh7 28. a4 bxa4 29. bxa4 Nf6 30. c4 Ne4 31. Bb4 f5 32. a5 Ra8 33. a6 h5 34. a7 Rec8 35. Rxe4 fxe4 36. Bxd6 Re8 37. Be7 Kg7 38. d6 1-0

[Event "Maastricht Limburg op-B 4th"]
[Site "Maastricht"]
[Date "2010.05.22"]
[Round "2"]
[White "Zegstroo, Martin"]
[Black "Keetman, Maaike"]
[Result "1-0"]
[WhiteElo "1861"]
[BlackElo "1738"]
[PlyCount "125"]
[EventDate "2010.05.21"]
[EventType "swiss"]
[EventRounds "7"]
[EventCountry "NED"]
[SourceTitle "EXT 2011"]
[Source "ChessBase"]
[SourceDate "2010.11.26"]
[SourceVersion "1"]
[SourceVersionDate "2010.11.26"]
[SourceQuality "1"]

1. e4 d5 2. exd5 Nf6 3. Bb5+ Bd7 4. Bc4 Bg4 5. f3 Bf5 6. Nc3 Nbd7 7. Nge2 Nb6 8. Bb5+ Bd7 9. Bxd7+ Qxd7 10. 0-0 Nbxd5 11. d4 e6 12. Ne4 Be7 13. c4 Nb6 14. b3 0-0 15. Bb2 Rfd8 16. Qc2 Qc8 17. Rad1 c5 18. Ba3 Nbd7 19. d5 exd5 20. cxd5 b6 21. d6 Bf8 22. Bb2 Ne8 23. N2g3 g6 24. Rd5 Qc6 25. Rfd1 Rac8 26. Qd2 Bg7 27. Bxg7 Nxg7 28. Qg5 Ne6 29. Qg4 Kh8 30. Ng5 Nf6 31. Nxf7+ Kg7 32. Qxe6 Re8 33. Nf5+ gxf5 34. Qxf5 Nxd5 35. Rxd5 Rf8 36. d7 Rb8 37. d8Q Rbxd8 38. Rxd8 Rxf7 39. Qe5+ Qf6 40. Qxf6+ Kxf6 41. Kf2 Re7 42. g3 Kf5 43. Rd5+ Ke6 44. Rd2 Kf5 45. h3 Kg5 46. Rd5+ Kf6 47. f4 Rg7 48. g4 Ke6 49. Rd1 Rf7 50. Kf3 h6 51. h4 Rg7 52. g5 hxg5 53. hxg5 Kf5 54. Rd5+ Ke6 55. Re5+ Kf7 56. Kg4 Rg6 57. Rd5 Ke7 58. f5 Rg8 59. g6 Kf6 60. Rd6+ Ke7 61. Re6+ Kf8 62. Kg5 b5 63. Rc6 1-0

[Event "Vlissingen HZ op 10th"]
[Site "Vlissingen"]
[Date "2006.08.05"]
[Round "1"]
[White "Zegstroo, Martin"]
[Black "Van der Wiel, John"]
[Result "0-1"]
[WhiteElo "1879"]
[BlackElo "2508"]
[PlyCount "72"]
[EventDate "2006.08.05"]
[EventType "swiss"]
[EventRounds "9"]
[EventCountry "NED"]
[SourceTitle "CBM 113 Extra"]
[Source "ChessBase"]
[SourceDate "2006.09.14"]
[SourceVersion "1"]
[SourceVersionDate "2006.09.14"]
[SourceQuality "1"]

1. e4 c5 2. Nf3 d6 3. d4 cxd4 4. Nxd4 Nf6 5. Bd3 Nc6 6. c3 e5 7. Nb3 d5 8. exd5 Qxd5 9. 0-0 Bg4 10. Be2 Qxd1 11. Bxd1 0-0-0 12. Bxg4+ Nxg4 13. h3 Nf6 14. Be3 Nd5 15. Bc5 Nf4 16. Na3 Bxc5 17. Nxc5 Rd5 18. Nb3 e4 19. Kh2 Rg5 20. g3 Nd3 21. Nc4 Rd8 22. Rab1 Nce5 23. Nxe5 Rxe5 24. Nd4 g6 25. b4 Red5 26. a3 Kb8 27. Rbd1 Ne5 28. Rc1 Nc4 29. a4 Nb2 30. a5 Nd3 31. Rb1 Rc8 32. Rb3 f5 33. b5 Ne5 34. Kg2 Rdc5 35. Rc1 Nd3 36. Rc2 Ne1+ 0-1

[Event "Brasschaat op 02nd"]
[Site "Brasschaat"]
[Date "2002.08.??"]
[Round "5"]
[White "Zegstroo, Martin"]
[Black "Minyeyevtsev, Semen"]
[Result "0-1"]
[WhiteElo "1893"]
[BlackElo "2164"]
[PlyCount "54"]
[EventDate "2002.08.??"]
[EventType "swiss"]
[EventRounds "7"]
[EventCountry "BEL"]
[SourceTitle "EXT 2005"]
[Source "ChessBase"]
[SourceDate "2004.11.15"]
[SourceVersion "1"]
[SourceVersionDate "2004.11.15"]
[SourceQuality "1"]

1. e4 e5 2. Nc3 Nf6 3. f4 d5 4. fxe5 Nxe4 5. d3 Nxc3 6. bxc3 d4 7. Nf3 dxc3 8. d4 Be6 9. Bd3 Qd5 10. 0-0 Nc6 11. Qe1 Nxd4 12. Be4 Nxf3+ 13. Rxf3 Qd4+ 14. Kh1 0-0-0 15. Bg5 Rd7 16. Rd3 Qa4 17. Rxd7 Bxd7 18. Bd5 Qxc2 19. Bxf7 Qf5 20. e6 Bc6 21. Qh4 Bd6 22. Re1 h6 23. Bc1 g5 24. Qd4 Rh7 25. Qxc3 Qf2 26. Rg1 Bc5 27. Qe1 Bxg2+ 0-1